[Event "Cappelle op 10th"]
[White "Dobrowolski, Piotr"]
[Black "Van Gisbergen, Stan"]
[Site "Cappelle la Grande"]
[Round "6"]
[Result "1-0"]
[Date "1994.??.??"]
[WhiteElo "2320"]
[BlackElo "2365"]
[PlyCount "75"]
[EventDate "1994.02.??"]
[EventType "swiss"]
[EventRounds "9"]
[EventCountry "FRA"]
[SourceTitle "TD"]
[Source "ChessBase"]
[SourceDate "1994.03.01"]
[SourceVersion "1"]
[SourceVersionDate "1994.03.01"]
[SourceQuality "1"]

1. e4 e5 2. Nf3 Nc6 3. Nc3 Nf6 4. d4 exd4 5. Nxd4 Bb4 6. Nxc6 bxc6 7. Bd3 d5 8. exd5 cxd5 9. 0-0 0-0 10. Bg5 c6 11. Na4 Be7 12. c3 h6 13. Bh4 Ng4 14. Bxe7 Qxe7 15. h3 Ne5 16. Bc2 Rd8 17. Re1 Qd6 18. Qd4 Nd7 19. c4 Nf8 20. Rad1 Qc7 21. Nc5 Be6 22. Nxe6 Nxe6 23. Qd3 Nf8 24. Qc3 Qd6 25. cxd5 cxd5 26. Bb3 d4 27. Qd3 Re8 28. Qf5 Ne6 29. Rd3 Rad8 30. Red1 Re7 31. g3 Qb6 32. Re1 Rd6 33. h4 Qd8 34. Bc2 Rd5 35. Rxd4 Rxf5 36. Rxd8+ Nxd8 37. Rxe7 Kf8 38. Rd7 1-0

[Event "Neuwied op"]
[White "Kulaots, Kaido"]
[Black "Van Gisbergen, Stan"]
[Site "Neuwied"]
[Round "?"]
[Result "1-0"]
[Date "1994.??.??"]
[WhiteElo "2410"]
[BlackElo "2365"]
[PlyCount "63"]
[EventDate "1994.??.??"]
[EventType "swiss"]
[EventRounds "5"]
[EventCountry "GER"]
[SourceTitle "EXT 2000"]
[Source "ChessBase"]
[SourceDate "1999.11.16"]
[SourceVersion "1"]
[SourceVersionDate "1999.11.16"]
[SourceQuality "1"]

1. e4 e5 2. Nf3 Nc6 3. Nc3 Nf6 4. Bb5 Nd4 5. Ba4 c6 6. Nxe5 d5 7. 0-0 Bd6 8. Nf3 dxe4 9. Re1 Bg4 10. Nxe4 0-0 11. d3 Nxe4 12. dxe4 Bxf3 13. gxf3 Qa5 14. c3 Nxf3+ 15. Qxf3 Qxa4 16. Be3 Rfe8 17. Qd1 Rxe4 18. Qxd6 Rg4+ 19. Kf1 Qc4+ 20. Re2 Qe4 21. Rd2 Re8 22. Ke2 f5 23. Rd4 Qc2+ 24. Kf3 Qxb2 25. Qd7 Rxe3+ 26. Kxe3 Qxc3+ 27. Ke2 Qb2+ 28. Kf3 Qc3+ 29. Rd3 Qe5 30. Re3 Rf4+ 31. Kg2 Rg4+ 32. Rg3 1-0

[Event "NED-chT 9495"]
[White "Meulders, Richard"]
[Black "Van Gisbergen, Stan"]
[Site "Netherlands"]
[Round "7"]
[Result "1-0"]
[Date "1994.??.??"]
[WhiteElo "2300"]
[BlackElo "2365"]
[PlyCount "77"]
[EventDate "1994.??.??"]
[EventType "team-tourn"]
[EventRounds "9"]
[EventCountry "NED"]
[SourceTitle "EXT 1998"]
[Source "ChessBase"]
[SourceDate "1997.11.17"]
[SourceVersion "1"]
[SourceVersionDate "1997.11.17"]
[SourceQuality "1"]

1. d4 Nf6 2. c4 e6 3. Nc3 Bb4 4. e3 c5 5. Bd3 Nc6 6. Nge2 cxd4 7. exd4 d5 8. cxd5 Nxd5 9. 0-0 0-0 10. Be4 Nxc3 11. bxc3 Bd6 12. Qd3 g6 13. g3 Qc7 14. Bh6 Re8 15. Rfd1 b6 16. Qf3 Bb7 17. Qf6 Bf8 18. Bxf8 Rxf8 19. c4 Rae8 20. Nc3 Qe7 21. Qxe7 Rxe7 22. Rab1 Rc8 23. Nb5 Ba8 24. c5 bxc5 25. dxc5 Ne5 26. Bxa8 Rxa8 27. f4 Nc6 28. Rd6 Rc8 29. Nc3 Rec7 30. Ne4 Kf8 31. h4 h5 32. Kf2 Ne7 33. Rb5 Nd5 34. Kf3 Ke7 35. Ra6 Ra8 36. c6 Nb6 37. Rbxb6 axb6 38. Rxa8 Rxc6 39. Ra7+ 1-0